Chase Atlantic discography - Statistics

General Stats
  • This quiz has been taken 299 times
    231 since last reset
  • The average score is 61 of 90
Answer Stats
Dalliance % Correct
Friends
93%
Into It
92%
Swim
92%
HEAVEN AND BACK
89%
Slow Down
87%
Consume
86%
23
85%
Church
85%
Moonlight
85%
Meddle About
83%
OHMAMI
83%
Paradise
83%
Cassie
82%
PHASES
82%
YOU
82%
BEAUTY IN DEATH
79%
HER
79%
The Walls
79%
DEVILISH
78%
MAMACITA
78%
Right Here
78%
DIE FOR ME
76%
Okay
76%
I DON'T LIKE DARKNESS
75%
Ozone
75%
Roxanne
75%
Angeline
74%
Falling
74%
SLIDE
74%
LIKE A ROCKSTAR
73%
RICOCHET
73%
Triggered
73%
Drugs & Money
72%
FAVELA
72%
GREENGREENGREEN
72%
DISCONNECTED
71%
Vibes
71%
YOU TOO.
71%
ANGELS
70%
MOLLY
69%
STUCKINMYBRAIN
69%
AMY
68%
Gravity
68%
INTRO
68%
LUST
68%
REMIND ME
68%
ESCORT
67%
FACEDOWN
67%
WHAT U CALL THAT
67%
CALL ME BACK
66%
Uncomfortable
66%
WARCRY
66%
DEMON TIME
65%
DOUBT IT
65%
TOO LATE
65%
Why Stop Now
65%
Anchor Tattoo
64%
Dancer in the Dark
64%
NIGHT CALLS
64%
PARANOID
64%
NO RAINBOWS
63%
Obsessive
63%
VICTORY LAP
63%
EMPTY
61%
No Friends
61%
OUT THE ROOF
61%
PLEASEXANNY
61%
STRANGER THINGS
61%
Keep It Up
60%
MESS ME UP
60%
ALEYUH
59%
EVEN THOUGH I'M DEPRESSED
59%
DON'T LAUGH
58%
Tidal Wave
58%
COLD NIGHTS
57%
Numb to the Feeling
57%
CHXSE
56%
LOVE IS (NOT) EASY
56%
Talk Slow
56%
I THINK I'M LOST AGAIN
55%
HOURS LOST
54%
WASTED
54%
Hold Your Breath
51%
Run Away
50%
PLEASE STAND BY
49%
Gravity (So Much Higher Remix)
42%
FOR HER
38%
NEVER EXISTED
37%
Hit My Line
30%
hurts 2 hate somebody
26%
No matching quizzes found
Score Distribution
Percent of People with Each Score
Percentile by Number Answered
Your Score History
You have not taken this quiz since the last reset